| 000 | 01457nam a2200349 c 4500 | ||
|---|---|---|---|
| 003 | BLK | ||
| 005 | 20180420221800.0 | ||
| 008 | 180408b bul|||||r ||||||| ||bul|| | ||
| 010 | _aKNG00050885000 | ||
| 020 |
_a3-425-05991-2 _bиздат.: Sauerlander - на том |
||
| 020 |
_a3-7941-3514-8 _bиздат.: Sauerlander - на том |
||
| 040 | _aBLK | ||
| 041 |
_aDEU _cDEU |
||
| 080 |
_aНемски език (високонемски, стандартен писмен) _b811.112.2 _x-5(075.4) _z811.112.2-5(075.4) |
||
| 700 | 1 |
_aApelt, Mary L. _eавт. на том _9281158 |
|
| 700 | 1 |
_aApelt, Hans-Peter _eсъавт. на том _9281159 |
|
| 700 | 1 |
_aWagner, Margot _eсъавт. на том _9281160 |
|
| 139 |
_aGrammatik a la carte! _bG 71 |
||
| 245 | 1 | 0 |
_aGrammatik a la carte! _bDas Ubungsbuch zur Grundgrammatik Deutsch : Bd. 1-2 _cавт. на том Mary L. Apelt; съавт. на том Hans-Peter Apelt; съавт. на том Margot Wagner. _nBd. 1 _pGrundstufe |
| 257 | _aDEU | ||
| 260 |
_аFrankfurt am Main et al. _bMoritz Diesterweg _c1993 |
||
| 380 | _a80 | ||
| 650 | 4 |
_aНемски език - граматика _9244518 |
|
| 653 | _aнемски език | ||
| 653 | _aграматика | ||
| 760 | 1 |
_3- на том _dSauerlander _h188 c, 30 см. _tBd. 1 Grundstufe |
|
| 852 | _aЦб ІІ 8565 | ||
| 856 | 4 |
_qpdf _u |
|
| 856 | 4 |
_qpdf _u |
|
| 942 |
_cKNG _n0 |
||
| 944 |
_aCR _c01.01.1999 _kТеодора_Стоянова |
||
| 944 |
_aED _c24.01.2017 _kСечил_Томаш |
||
| 999 |
_c47076 _d47076 |
||